000 00370nam a2200145Ia 4500
008 220216s9999 xx 000 0 und d
100 _aHowe Bill
245 0 _aNew polymer coatings for dipped goods- Take your pick
260 _bRubber Asia
_c2005
300 _a59-63
650 _aDipped goods
650 _aLatex protein
650 _aPolymer coating
942 _cJS
999 _c63871
_d63871